|
|
|
|
| LEADER |
02761nam a2200337 a 4500 |
| 001 |
32064 |
| 003 |
BD-DhAAL |
| 005 |
20211125120513.0 |
| 008 |
171101s2012 enk |b 001 0 eng |
| 999 |
|
|
|c 38272
|d 38272
|
| 010 |
|
|
|a 2012944652
|
| 020 |
|
|
|a 9780199699698 (pbk.)
|
| 020 |
|
|
|a 9780199654178 (hbk.)
|
| 040 |
|
|
|a DLC
|b eng
|c DLC
|e rda
|d BD-DhAAL
|
| 050 |
0 |
0 |
|a KZ3225.B76
|b A37 2012
|
| 082 |
|
|
|a 341
|2 21
|
| 100 |
1 |
|
|a Crawford, James,
|d 1948-
|9 22068
|
| 245 |
1 |
0 |
|a Brownlie's principles of public international law /
|c by James Crawford, SC, FBA.
|
| 250 |
|
|
|a Eighth edition.
|
| 260 |
|
|
|a Oxford :
|b Oxford University Press,
|c 2012
|
| 300 |
|
|
|a lxxx, 803 pages ;
|c 26 cm
|
| 504 |
|
|
|a Includes bibliographical references and index.
|
| 505 |
0 |
|
|a The sources of international law -- The relations of international and national law -- Subjects of international law -- Creation and incidence of statehood -- Recognition of states and governments -- International Organizations -- Forms of governmental authority over territory -- Acquisition and transfer of territorial sovereignty -- Status of territory : further problems -- The territorial sea and other maritime zones -- Maritime delimitation and associated questions -- Maritime transit and the regime of the high seas -- Common spaces and the co-operation in the use of natural resources -- Legal aspects of the protection of the environment -- The law of treaties -- Diplomatic and consular relations -- Unilateral acts; estoppel : Succession to rights and duties -- Sovereignty and equality of states -- Jurisdictional competence -- Privileges and immunities of foreign states -- The relations of nationality -- Nationality of corporations and assets -- The conditions for international responsibility -- Consequences of an internationally wrongful act -- Multilateral public order and issues of responsibility -- The international minimum standard : persons and property -- International human rights -- International criminal justice -- The claims process -- Third-party settlement of international disputes -- The use of threat of force by states.
|
| 526 |
|
|
|a SOL
|
| 541 |
|
|
|a Karim International
|e 32064, 32065
|
| 650 |
|
0 |
|a International law.
|9 22069
|
| 650 |
|
0 |
|a Law.
|9 43175
|
| 700 |
1 |
|
|a Brownlie, Ian.
|t Principles of public international law.
|9 22070
|
| 942 |
|
|
|2 ddc
|c BK
|
| 952 |
|
|
|0 0
|1 0
|2 ddc
|4 0
|6 341_000000000000000_CRA
|7 0
|9 61041
|a BRACUL
|b BRACUL
|c GEN
|d 2017-11-01
|e Karim Interrnational
|g 6300.00
|l 10
|m 129
|o 341 CRA
|p 3010032064
|r 2026-04-24
|s 2026-04-04
|t 1
|v 6300.00
|w 2017-08-27
|y BK
|
| 952 |
|
|
|0 0
|1 0
|2 ddc
|4 0
|6 341_000000000000000_CRA
|7 0
|9 61042
|a BRACUL
|b BRACUL
|c GEN
|d 2017-10-01
|e Karim Interrnational
|g 6300.00
|l 11
|m 82
|o 341 CRA
|p 3010032065
|r 2025-10-20
|s 2025-08-26
|t 2
|v 6300.00
|w 2017-08-27
|y BK
|